Perspektivy a vplivy v rozvoji informačních technologií a prostředků

Uložené v:
Podrobná bibliografia
Hlavný autor: Syrový, Karel
Médium: Kniha
Jazyk:Czech
Vydavateľské údaje: Praha Ústředí vědeckých, technických a ekonomických informací 1986
Tagy: Pridať tag
Žiadne tagy, Buďte prvý, kto otaguje tento záznam!

MARC

LEADER 00000nam a2200000 4500
001 c103372
005 20190620112735.7
041 0 |a cze 
044 |a CZ 
245 1 0 |a Perspektivy a vplivy v rozvoji informačních technologií a prostředků  |c Karel Syrový 
264 1 |a Praha  |b Ústředí vědeckých, technických a ekonomických informací  |c 1986 
300 |a 62 s. 
100 1 |a Syrový, Karel